Central Library OPAC University of Rajshahi

Fermat's last theorem : (Record no. 54454)

MARC details
000 -LEADER
fixed length control field 00959nam a2200301 a 4500
001 - CONTROL NUMBER
control field 54454
003 - CONTROL NUMBER IDENTIFIER
rucl marc code BD-RjUL
005 - DATE AND TIME OF LATEST TRANSACTION
control field 20211209080126.0
008 - FIXED-LENGTH DATA ELEMENTS--GENERAL INFORMATION
fixed length control field 161107s1996 nyu 001 0 eng d
020 ## - INTERNATIONAL STANDARD BOOK NUMBER
International Standard Book Number 0387902309
International Standard Book Number 3540902309 (Berlin)
International Standard Book Number 038902309
035 ## - SYSTEM CONTROL NUMBER
System control number (BD-RjUL)54576
040 ## - CATALOGING SOURCE
Original cataloging agency BD-RjUL
Language of cataloging eng
Transcribing agency BD-RjUL
041 ## - LANGUAGE CODE
Language code of text/sound track or separate title eng
082 ## - DEWEY DECIMAL CLASSIFICATION NUMBER
Edition number 23
Classification number 512.74
Author mark and year EDF 1996
100 1# - MAIN ENTRY--PERSONAL NAME
Personal name Edwards, Harold M.
9 (RLIN) 162486
245 10 - TITLE STATEMENT
Title Fermat's last theorem :
Remainder of title a genetic introduction to algebraic number theory /
Statement of responsibility, etc. Harold M. Edwards.
260 ## - PUBLICATION, DISTRIBUTION, ETC. (IMPRINT)
Place of publication, distribution, etc. New York :
Name of publisher, distributor, etc. Springer-Verlag,
Date of publication, distribution, etc. c1977 [ Printing 1996] .
300 ## - PHYSICAL DESCRIPTION
Pagination xv, 410 p. ;
Size 24 cm.
490 1# - SERIES STATEMENT
Series statement Graduate texts in mathematics ;
Volume/sequential designation 50
500 ## - GENERAL NOTE
General note Includes Index
650 #0 - SUBJECT ADDED ENTRY--TOPICAL TERM
Topical term or geographic name as entry element Algebraic number theory.
9 (RLIN) 151954
Topical term or geographic name as entry element Fermat's theorem.
9 (RLIN) 162487
Topical term or geographic name as entry element Fermat's last theorem.
9 (RLIN) 162488
830 #0 - SERIES ADDED ENTRY--UNIFORM TITLE
Uniform title Graduate texts in mathematics ;
Volume number/sequential designation 50
942 ## - ADDED ENTRY ELEMENTS (KOHA)
Source of classification or shelving scheme Dewey Decimal Classification
Koha item type Books
Holdings
Lost status Source of classification or shelving scheme Damaged status Not for loan Collection code Permanent Location Current Location Shelving location Date acquired Source of acquisition Cost, normal purchase price Total Checkouts Full call number Date last seen Copy number Koha item type
  Dewey Decimal Classification     Non-fiction Central Library, University of Rajshahi Central Library, University of Rajshahi   30/06/1997 Dhaka, Ahsonia mission Book House, 88.00   512.74 EDF 1996 07/11/2016 C-2 Books
  Dewey Decimal Classification   Not For Loan Non-fiction Central Library, University of Rajshahi Central Library, University of Rajshahi Reading Room 30/06/1997 Dhaka, Ahsonia mission Book House, 88.00   512.74 EDF 1996 16/04/2017 C-1 Books